[Event "CZE-chT2C 2122"]
[White "Kaplan, Daniel"]
[Black "Stolc, Martin"]
[Site "Czech Republic"]
[Round "9.5"]
[Result "1/2-1/2"]
[Date "2022.02.27"]
[WhiteElo "2025"]
[BlackElo "2026"]
[PlyCount "42"]
[EventDate "2021.10.17"]
[EventType "team-tourn"]
[EventRounds "11"]
[EventCountry "CZE"]
[SourceTitle "EXT 2025"]
[Source "ChessBase"]
[SourceDate "2024.10.14"]
[SourceVersion "1"]
[SourceVersionDate "2024.10.14"]
[SourceQuality "1"]
[WhiteTeam "Nymburk"]
[BlackTeam "Jicin AD"]
[WhiteTeamCountry "CZE"]
[BlackTeamCountry "CZE"]

1. e4 d6 2. d4 g6 3. f4 Bg7 4. c3 Nc6 5. Nf3 Bg4 6. Bc4 e6 7. 0-0 Nf6 8. h3 Bxf3 9. Qxf3 d5 10. exd5 Nxd5 11. Bxd5 Qxd5 12. Qxd5 exd5 13. f5 0-0-0 14. Bg5 f6 15. Bh4 g5 16. Bf2 h5 17. g4 Rde8 18. Nd2 hxg4 19. hxg4 Re2 20. Rad1 Kd7 21. Rfe1 Rxe1+ 1/2-1/2

[Event "CZE-chT2C 1920"]
[White "Danes, Jaroslav"]
[Black "Stolc, Martin"]
[Site "Czech Republic"]
[Round "3.5"]
[Result "1-0"]
[Date "2019.11.17"]
[WhiteElo "2216"]
[BlackElo "2016"]
[PlyCount "81"]
[EventDate "2019.10.13"]
[EventType "team-tourn"]
[EventRounds "11"]
[EventCountry "CZE"]
[SourceTitle "EXT 2024"]
[Source "ChessBase"]
[SourceDate "2023.10.10"]
[SourceVersion "1"]
[SourceVersionDate "2023.10.10"]
[SourceQuality "1"]
[WhiteTeam "Kutna Hora"]
[BlackTeam "Jicin"]
[WhiteTeamCountry "CZE"]
[BlackTeamCountry "CZE"]

1. e4 d6 2. c4 g6 3. Nc3 Bg7 4. d4 Nc6 5. Nf3 e5 6. d5 Nce7 7. h3 h6 8. Bd3 f5 9. Qe2 Nf6 10. Bd2 a6 11. exf5 gxf5 12. Bc2 0-0 13. 0-0-0 b5 14. g4 bxc4 15. g5 Nfxd5 16. Nxd5 Nxd5 17. gxh6 Bf6 18. Qxc4 Be6 19. Rhg1+ Kh8 20. Ng5 Bxg5 21. Bxg5 Nf4 22. Qf1 Qd7 23. Bxf4 exf4 24. Rg7 Qd8 25. Qg2 Qf6 26. Rxc7 Qxh6 27. Qf3 Rac8 28. Qc3+ Qf6 29. Rxd6 Qxc3 30. Rxc3 Rxc3 31. bxc3 Bxa2 32. Rxa6 Bc4 33. Ra4 Rc8 34. Bxf5 Rc5 35. Bc2 Kg7 36. Kb2 Kf6 37. h4 Ke5 38. h5 Rc6 39. h6 Rxh6 40. Rxc4 Rh2 41. f3 1-0

[Event "CZE-chT2B 1718"]
[White "Vltavsky, Vladimir"]
[Black "Stolc, Martin"]
[Site "Czech Republic"]
[Round "10.5"]
[Result "1-0"]
[Date "2018.03.18"]
[WhiteElo "2173"]
[BlackElo "2079"]
[PlyCount "59"]
[EventDate "2017.10.15"]
[EventType "team-tourn"]
[EventRounds "11"]
[EventCountry "CZE"]
[SourceTitle "EXT 2022"]
[Source "ChessBase"]
[SourceDate "2021.10.06"]
[SourceVersion "1"]
[SourceVersionDate "2021.10.06"]
[SourceQuality "1"]
[WhiteTeam "Turnov Zikuda II"]
[BlackTeam "Zizkov"]
[WhiteTeamCountry "CZE"]
[BlackTeamCountry "CZE"]

1. e4 d6 2. d4 g6 3. Nf3 Bg7 4. h3 Nc6 5. Be3 e5 6. Nc3 a6 7. Be2 exd4 8. Nxd4 Nxd4 9. Bxd4 Bxd4 10. Qxd4 Qf6 11. Qe3 Ne7 12. 0-0 Bd7 13. Rad1 h5 14. f4 Bc6 15. b4 Kf8 16. Bc4 Re8 17. Qd2 Kg7 18. e5 Qh4 19. exd6 cxd6 20. Qd4+ Kh7 21. Bd3 Nf5 22. Bxf5 gxf5 23. Nd5 Re2 24. Rd2 Rxd2 25. Qxd2 Rg8 26. Qd3 Kg6 27. Rf3 Qe1+ 28. Kh2 Qe6 29. c4 h4 30. Re3 1-0

[Event "CZE-chT2B 1718"]
[White "Stolc, Martin"]
[Black "Brejnik, Gustav"]
[Site "Czech Republic"]
[Round "7.5"]
[Result "0-1"]
[Date "2018.01.28"]
[WhiteElo "2079"]
[BlackElo "2050"]
[PlyCount "62"]
[EventDate "2017.10.15"]
[EventType "team-tourn"]
[EventRounds "11"]
[EventCountry "CZE"]
[SourceTitle "EXT 2022"]
[Source "ChessBase"]
[SourceDate "2021.10.06"]
[SourceVersion "1"]
[SourceVersionDate "2021.10.06"]
[SourceQuality "1"]
[WhiteTeam "Zizkov"]
[BlackTeam "Litomerice"]
[WhiteTeamCountry "CZE"]
[BlackTeamCountry "CZE"]

1. b3 d5 2. Bb2 Bf5 3. e3 e6 4. Nf3 h6 5. c4 Nf6 6. Nc3 c6 7. cxd5 exd5 8. Nd4 Bg6 9. h4 Nbd7 10. h5 Bh7 11. Nf3 Bd6 12. d4 Ne4 13. Nxe4 Bxe4 14. Bc3 0-0 15. Bd3 Re8 16. Bxe4 Rxe4 17. Nd2 Re6 18. Qg4 Nf6 19. Qf5 Qd7 20. Kf1 Rae8 21. Rh3 Qe7 22. g4 Nh7 23. Nf3 Rf6 24. Qd3 Qe6 25. Ne5 Ng5 26. Rh2 Nf3 27. Rg2 Nxe5 28. dxe5 Bxe5 29. g5 hxg5 30. Rxg5 Qh3+ 31. Kg1 Bh2+ 0-1

[Event "CZE-chT2B 1718"]
[White "Stolc, Martin"]
[Black "Makevich, Pavel"]
[Site "Czech Republic"]
[Round "1.4"]
[Result "1/2-1/2"]
[Date "2017.10.15"]
[WhiteElo "2079"]
[BlackElo "2073"]
[PlyCount "72"]
[EventDate "2017.10.15"]
[EventType "team-tourn"]
[EventRounds "11"]
[EventCountry "CZE"]
[SourceTitle "EXT 2022"]
[Source "ChessBase"]
[SourceDate "2021.10.06"]
[SourceVersion "1"]
[SourceVersionDate "2021.10.06"]
[SourceQuality "1"]
[WhiteTeam "Zizkov"]
[BlackTeam "Usti nad Labem"]
[WhiteTeamCountry "CZE"]
[BlackTeamCountry "CZE"]

1. e4 d5 2. e5 c5 3. f4 Nc6 4. Bb5 Qa5 5. c4 Bf5 6. Nc3 d4 7. Bxc6+ bxc6 8. Qf3 Rc8 9. Ne4 h5 10. h3 h4 11. Ne2 e6 12. 0-0 Nh6 13. Kh2 Bg6 14. d3 Nf5 15. g4 hxg3+ 16. N2xg3 Be7 17. Bd2 Qc7 18. Rh1 Rh6 19. Nxf5 Bxf5 20. Kg2 f6 21. Ng3 Kd7 22. Rae1 fxe5 23. Nxf5 exf5 24. Rxe5 Rg6+ 25. Kf1 Rf8 26. Rg1 Rxg1+ 27. Kxg1 Qb7 28. Bc1 Rf6 29. Qh5 Qa6 30. Qh8 Bf8 31. Qh5 g6 32. Qh8 Rf7 33. Qg8 Rf6 34. Qh7+ Kd8 35. Qh8 Rf7 36. Qg8 Rf6 1/2-1/2

[Event "Klatovy op 22nd"]
[White "Stolc, Martin"]
[Black "Slovak, Kilian"]
[Site "Klatovy"]
[Round "5"]
[Result "1-0"]
[Date "2016.07.06"]
[WhiteElo "2042"]
[BlackElo "2108"]
[PlyCount "65"]
[EventDate "2016.07.02"]
[EventType "swiss"]
[EventRounds "9"]
[EventCountry "CZE"]
[SourceTitle "CBM 173 Extra"]
[Source "ChessBase"]
[SourceDate "2016.08.29"]
[SourceVersion "1"]
[SourceVersionDate "2016.08.29"]
[SourceQuality "1"]

1. e4 c5 2. f4 d5 3. e5 Nc6 4. c4 d4 5. Bd3 Nb4 6. Be4 d3 7. Na3 Qd4 8. Qf3 Bg4 9. Qe3 0-0-0 10. h3 Be6 11. Nf3 Qxe3+ 12. dxe3 h6 13. Nd2 f5 14. Bf3 Bd7 15. Nb3 b6 16. Bd2 e6 17. Bxb4 cxb4 18. Nb5 Bxb5 19. cxb5 Bc5 20. Kd2 Kb8 21. Rac1 Ne7 22. Nxc5 bxc5 23. Rxc5 Rd7 24. Rhc1 g5 25. R1c4 Rg8 26. fxg5 hxg5 27. Rxb4 Nc8 28. a4 g4 29. hxg4 fxg4 30. Bxg4 Nb6 31. a5 Nd5 32. Rd4 Rg5 33. Bxe6 1-0

[Event "Klatovy op 21st"]
[White "Stolc, Martin"]
[Black "Cuhra, Martin"]
[Site "Klatovy"]
[Round "2"]
[Result "1-0"]
[Date "2015.06.28"]
[WhiteElo "2011"]
[BlackElo "2229"]
[PlyCount "63"]
[EventDate "2015.06.27"]
[EventType "swiss"]
[EventRounds "9"]
[EventCountry "CZE"]
[SourceTitle "EXT 2016"]
[Source "ChessBase"]
[SourceDate "2015.10.08"]
[SourceVersion "1"]
[SourceVersionDate "2015.10.08"]
[SourceQuality "1"]

1. d4 Nf6 2. g3 d5 3. Bg2 Bf5 4. c4 e6 5. Qb3 Nc6 6. cxd5 Bb4+ 7. Kf1 exd5 8. a3 Be7 9. Nf3 0-0 10. Bf4 Rc8 11. Nbd2 Na5 12. Qa4 b6 13. b4 Bd7 14. Qc2 Nb7 15. Ne5 c5 16. Qb2 c4 17. Ndxc4 dxc4 18. Bxb7 Bh3+ 19. Ke1 Nd5 20. Nc6 Rxc6 21. Bxc6 c3 22. Qb3 Be6 23. Qd1 Nxf4 24. gxf4 Bf6 25. e3 Bd5 26. Bxd5 Qxd5 27. Rg1 Rc8 28. Qd3 Qf3 29. Rc1 Bh4 30. Rf1 c2 31. Kd2 Bxf2 32. Qe2 1-0

[Event "CZE-chT rap"]
[White "Rosko, Lubos"]
[Black "Stolc, Martin"]
[Site "Pardubice"]
[Round "3.5"]
[Result "1/2-1/2"]
[Date "2013.07.12"]
[WhiteElo "2337"]
[BlackElo "2045"]
[PlyCount "47"]
[EventDate "2013.07.11"]
[EventType "team-swiss"]
[EventRounds "7"]
[EventCountry "CZE"]
[SourceTitle "CBM 155 Extra"]
[Source "ChessBase"]
[SourceDate "2013.08.26"]
[SourceVersion "1"]
[SourceVersionDate "2013.08.26"]
[SourceQuality "1"]

1. d4 d6 2. e4 g6 3. Nc3 Bg7 4. Be3 Nc6 5. Bc4 e5 6. Nge2 a6 7. a4 exd4 8. Nxd4 Nxd4 9. Bxd4 Bxd4 10. Qxd4 Qf6 11. Qe3 Ne7 12. 0-0 Be6 13. Bd3 g5 14. Nd5 Bxd5 15. exd5 Kf8 16. c4 Ng6 17. Qd2 Re8 18. Rae1 Kg7 19. a5 Qd4 20. Rxe8 Rxe8 21. Rd1 h6 22. g3 Ne5 23. Be2 Qe4 24. b3 1/2-1/2

[Event "Kouty nad Desnou op-A"]
[White "Havelka, Jan"]
[Black "Stolc, Martin"]
[Site "Kouty nad Desnou"]
[Round "3"]
[Result "1/2-1/2"]
[Date "2012.03.12"]
[WhiteElo "1757"]
[BlackElo "2040"]
[PlyCount "33"]
[EventDate "2012.03.10"]
[EventType "swiss"]
[EventRounds "9"]
[EventCountry "CZE"]
[SourceTitle "EXT 2013"]
[Source "ChessBase"]
[SourceDate "2012.11.22"]
[SourceVersion "1"]
[SourceVersionDate "2012.11.22"]
[SourceQuality "1"]

1. e4 Nc6 2. Nf3 g6 3. d4 Bg7 4. Nc3 d6 5. Be3 e5 6. Bc4 a6 7. h3 exd4 8. Nxd4 Nxd4 9. Bxd4 Bxd4 10. Qxd4 Qf6 11. 0-0-0 Qxd4 12. Rxd4 Be6 13. Rhd1 0-0-0 14. Be2 Ne7 15. Bf3 h5 16. e5 Nf5 17. R4d2 1/2-1/2

[Event "Kouty nad Desnou op-A"]
[White "Havlik, Jindrich"]
[Black "Stolc, Martin"]
[Site "Kouty nad Desnou"]
[Round "8"]
[Result "1/2-1/2"]
[Date "2011.03.18"]
[WhiteElo "2155"]
[BlackElo "2036"]
[PlyCount "63"]
[EventDate "2011.03.12"]
[EventType "swiss"]
[EventRounds "9"]
[EventCountry "CZE"]
[SourceTitle "EXT 2014"]
[Source "ChessBase"]
[SourceDate "2013.11.20"]
[SourceVersion "1"]
[SourceVersionDate "2013.11.20"]
[SourceQuality "1"]

1. e4 b6 2. d4 Bb7 3. Bd3 Nf6 4. Qe2 e6 5. Bg5 h6 6. Bd2 Be7 7. Nf3 c5 8. c3 Qc7 9. 0-0 Nc6 10. e5 Nd5 11. a3 Bg5 12. c4 Nf4 13. Bxf4 Bxf4 14. g3 Bg5 15. d5 Nd4 16. Nxd4 cxd4 17. f4 Bd8 18. d6 Qc6 19. Kf2 g5 20. f5 Qg2+ 21. Ke1 Qxe2+ 22. Kxe2 f6 23. fxe6 dxe6 24. Bg6+ Kd7 25. Nd2 Rg8 26. Bh5 Ba6 27. exf6 Kxd6 28. Kd3 b5 29. Kxd4 Bb6+ 30. Kc3 Rac8 31. f7 Rgd8 32. f8Q+ 1/2-1/2

[Event "Kouty nad Desnou op-A"]
[White "Stolc, Martin"]
[Black "Zitny, Petr"]
[Site "Kouty nad Desnou"]
[Round "5"]
[Result "1-0"]
[Date "2011.03.15"]
[WhiteElo "2036"]
[BlackElo "1868"]
[PlyCount "83"]
[EventDate "2011.03.12"]
[EventType "swiss"]
[EventRounds "9"]
[EventCountry "CZE"]
[SourceTitle "EXT 2014"]
[Source "ChessBase"]
[SourceDate "2013.11.20"]
[SourceVersion "1"]
[SourceVersionDate "2013.11.20"]
[SourceQuality "1"]

1. b3 e5 2. Bb2 d6 3. e3 g6 4. f4 Bg7 5. Nf3 Nd7 6. Bc4 Ngf6 7. fxe5 Ng4 8. Bxf7+ Kxf7 9. e6+ Kf8 10. Bxg7+ Kxg7 11. exd7 Bxd7 12. 0-0 Qe7 13. Nc3 Rhf8 14. Qe2 c6 15. Qc4 Be6 16. Qd4+ Kg8 17. Ne4 Bd5 18. Neg5 Ne5 19. c4 Bxf3 20. Nxf3 Nxf3+ 21. Rxf3 Rxf3 22. gxf3 Rf8 23. Rf1 a6 24. h4 Rf5 25. Kf2 c5 26. Qg4 Qe5 27. Rg1 Qb2 28. Ke2 Qe5 29. f4 Qf6 30. h5 Kf7 31. hxg6+ hxg6 32. Qh3 Kg7 33. Kf3 d5 34. Rh1 Kf7 35. Qh7+ Qg7 36. d3 b5 37. e4 dxe4+ 38. dxe4 Rf6 39. e5 Re6 40. Ke4 Re7 41. Kd5 bxc4 42. bxc4 1-0

[Event "Kouty nad Desnou op-A"]
[White "Stolc, Martin"]
[Black "Bainhofner, Jiri"]
[Site "Kouty nad Desnou"]
[Round "1"]
[Result "1-0"]
[Date "2011.03.12"]
[WhiteElo "2036"]
[BlackElo "1810"]
[PlyCount "63"]
[EventDate "2011.03.12"]
[EventType "swiss"]
[EventRounds "9"]
[EventCountry "CZE"]
[SourceTitle "EXT 2014"]
[Source "ChessBase"]
[SourceDate "2013.11.20"]
[SourceVersion "1"]
[SourceVersionDate "2013.11.20"]
[SourceQuality "1"]

1. b3 d6 2. Bb2 e5 3. e3 Nc6 4. Nf3 Bg4 5. h3 Bh5 6. g4 Bg6 7. Bg2 Be7 8. d4 f6 9. a3 exd4 10. Nxd4 Nxd4 11. Qxd4 c6 12. c4 Qb6 13. Nd2 0-0-0 14. b4 Kc7 15. Qc3 a6 16. Nb3 Qa7 17. a4 Nh6 18. a5 Bf7 19. b5 Qa8 20. bxc6 bxc6 21. Nd4 d5 22. 0-0 c5 23. cxd5 Bxd5 24. Ne6+ Kc8 25. Bxd5 Rxd5 26. Ba3 Qc6 27. Nf4 Rd7 28. Rab1 Rb7 29. Rxb7 Qxb7 30. Bxc5 Qc7 31. Nd5 Qxc5 32. Nxe7+ 1-0